[Event "Budapest-chT1 Lilienthal 1314"]
[Site "Budapest"]
[Date "2014.01.19"]
[Round "6"]
[White "Katona, Jozsef3333"]
[Black "Karsai, Jozsef"]
[Result "1/2-1/2"]
[WhiteElo "1952"]
[BlackElo "1867"]
[PlyCount "87"]
[EventDate "2013.09.29"]
[EventType "team-tourn"]
[EventRounds "11"]
[EventCountry "HUN"]
[SourceTitle "EXT 2021"]
[Source "ChessBase"]
[SourceDate "2020.10.23"]
[SourceVersion "1"]
[SourceVersionDate "2020.10.23"]
[SourceQuality "1"]
[WhiteTeam "Budapest Vasas II"]
[BlackTeam "Penzugyor III"]
[WhiteTeamCountry "HUN"]
[BlackTeamCountry "HUN"]

1. d4 Nf6 2. c4 c5 3. d5 d6 4. Nc3 g6 5. g3 Bg7 6. Bg2 a6 7. a4 0-0 8. Nf3 Qc7 9. 0-0 e5 10. e4 Bg4 11. h3 Bxf3 12. Bxf3 Nbd7 13. Bd2 Rfe8 14. Qc1 Nf8 15. Rb1 Rab8 16. Nd1 Qd7 17. Nc3 Qxh3 18. Qd1 h5 19. Bg2 Qd7 20. f3 N8h7 21. Qc1 Qe7 22. Nd1 Nd7 23. Ne3 b5 24. cxb5 axb5 25. axb5 Rxb5 26. Nc4 Bf6 27. Na5 Nb8 28. b4 h4 29. g4 cxb4 30. Bxb4 Rxb4 31. Rxb4 Qa7+ 32. Rf2 Qxa5 33. Rfb2 Qa7+ 34. Kh2 Bg5 35. Qb1 Bf4+ 36. Kh1 Na6 37. Rb7 Qe3 38. R7b3 Qd4 39. Rd3 Qc4 40. Bf1 Qc8 41. Rdb3 Kg7 42. Qa1 Nc5 43. Rb6 Qd8 44. Qe1 1/2-1/2

[Event "Budapest-chT1 Lilienthal 1112"]
[Site "Budapest"]
[Date "2011.10.16"]
[Round "2"]
[White "Karsai, Jozsef"]
[Black "Kertesz, Zsolt"]
[Result "1-0"]
[WhiteElo "1895"]
[BlackElo "2073"]
[PlyCount "47"]
[EventDate "2011.10.02"]
[EventType "team-tourn"]
[EventRounds "11"]
[EventCountry "HUN"]
[SourceTitle "EXT 2020"]
[Source "ChessBase"]
[SourceDate "2019.10.17"]
[SourceVersion "1"]
[SourceVersionDate "2019.10.17"]
[SourceQuality "1"]
[WhiteTeam "Penzugyor III"]
[BlackTeam "Fabulon"]
[WhiteTeamCountry "HUN"]
[BlackTeamCountry "HUN"]

1. e4 g6 2. d4 Bg7 3. f4 c5 4. d5 d6 5. Nf3 Nf6 6. Nc3 0-0 7. Be2 b5 8. e5 dxe5 9. fxe5 Ng4 10. Bf4 Nd7 11. Bxb5 Ndxe5 12. h3 Nxf3+ 13. Qxf3 Ne5 14. Qe2 Qc7 15. 0-0 c4 16. Rae1 Qb6+ 17. Kh1 a6 18. Bxe5 Bxe5 19. Qxe5 axb5 20. Qxe7 Bb7 21. Ne4 Rad8 22. Nf6+ Kg7 23. Qe5 Qd6 24. Ne8+ 1-0

[Event "HUN-chT2 Erkel 0203"]
[Site "Hungary"]
[Date "2003.03.02"]
[Round "8"]
[White "Rigo, Jozsef"]
[Black "Karsai, Jozsef"]
[Result "0-1"]
[WhiteElo "1746"]
[BlackElo "1952"]
[PlyCount "68"]
[EventDate "2002.09.22"]
[EventType "team"]
[EventRounds "11"]
[EventCountry "HUN"]
[SourceTitle "EXT 2009"]
[Source "ChessBase"]
[SourceDate "2008.11.26"]
[SourceVersion "1"]
[SourceVersionDate "2008.11.26"]
[SourceQuality "1"]

1. Nf3 Nf6 2. d4 d6 3. g3 g6 4. Bg2 Bg7 5. 0-0 0-0 6. Re1 Na6 7. e4 c5 8. d5 Bd7 9. c4 Rb8 10. a4 Nb4 11. Nc3 a6 12. Rb1 Qc7 13. b3 Ng4 14. Bb2 Ne5 15. Nxe5 dxe5 16. Qd2 f5 17. Rbd1 Qd6 18. f3 f4 19. Bc1 g5 20. Qe2 h5 21. gxf4 gxf4 22. Qf1 Nc2 23. Re2 Nd4 24. Rb2 Rf6 25. Kh1 Kf7 26. Bh3 Rg8 27. Bxd7 Qxd7 28. Rdd2 Rg6 29. Rf2 Bf6 30. Ne2 Bh4 31. Nxd4 Bxf2 32. Qxf2 cxd4 33. Re2 Qh3 34. Ba3 Qxf3+ 0-1